000 00577nam a2200193Ia 4500
005 20260114185800.0
008 008 260114s9999 xx 000 0 eng d
020 _a9781788318952
037 _aEBOOK
040 _aCRL
_beng
_cCRL
041 _aeng
_2eng
084 _qCRL
100 _aMario Slugan
_9874348
245 0 _aNo‰l Carroll and Film A Philosophy of Art and Popular Culture
260 _bBloomsbury
_c2019
856 _uhttps://doi.org/10.5040/9781788318952?locatt=label:secondary_bloomsburyCollections
942 _cEBOOK
999 _c1473282
_d1473282